La revoltosa (Record no. 158075)

MARC details
000 -LEADER
campo de control de longitud fija 01101nam a22002295i 4500
001 - NÚMERO DE CONTROL
campo de control 158075
003 - IDENTIFICADOR DE NÚMERO DE CONTROL
campo de control ES-MaACL
005 - FECHA Y HORA DE LA ÚLTIMA TRANSACCIÓN
campo de control 20250902063111.0
008 - DATOS DE LONGITUD FIJA--INFORMACIÓN GENERAL
campo de control de longitud fija 040823s1898 sp |||| | spa d
040 ## - FUENTE DE CATALOGACIÓN
Centro catalogador/agencia de origen CAM
Lengua de catalogación spa
Centro/agencia transcriptor CAM
100 1# - ENTRADA PRINCIPAL--NOMBRE DE PERSONA
Nombre de persona López Silva, José,
Fechas asociadas al nombre 1861-1925
9 (RLIN) 73986
245 13 - MENCIÓN DEL TÍTULO
Título La revoltosa
Resto del título : sainete lírico en un acto dividido en tres cuadros y en verso /
Mención de responsabilidad, etc. original de Jose López Silva y Carlos Fernandez Shaw ; música del maestro Chapí.
250 ## - MENCION DE EDICION
Mención de edición 7ª ed.
260 ## - PUBLICACIÓN, DISTRIBUCIÓN, ETC.
Lugar de publicación, distribución, etc. Madrid :
Nombre del editor, distribuidor, etc. [Arregui y Aruej editores],
Fecha de publicación, distribución, etc. 1898 (
Fabricante R. Velasco impresor)
300 ## - DESCRIPCIÓN FÍSICA
Extensión 65 p. :
Otras características físicas il. ;
Dimensiones 19 cm.
500 ## - NOTA GENERAL
Nota general En port.: Estrenado en el teatro de Apolo la noche del 25 de noviembre de 1897.
596 ## - NOTA AL PIE DE IMPRENTA
NOTA AL PIE DE IMPRENTA Ed. tomado de pie de imp. de la cub. original.
700 1# - ENTRADA AGREGADA--NOMBRE PERSONAL
Nombre de persona Fernández-Shaw, Carlos,
Fechas asociadas al nombre 1865-1911
9 (RLIN) 50098
700 1# - ENTRADA AGREGADA--NOMBRE PERSONAL
Nombre de persona Chapí, Ruperto,
Fechas asociadas al nombre 1851-1909
9 (RLIN) 38014
852 ## - LOCALIZACIÓN
Ubicación ES-MaACL
Número de control de estantería F-8635(4)
Nota libre -- Enc. pasta española conservando la cub. original
-- -- -Enc. en un vol. facticio formando parte de la col. facticia "Teatro español moderno", vol. 90
Holdings
Estatus retirado Estado de pérdida Estado de daño No para préstamo Colección Biblioteca de origen Biblioteca actual Ubicación en estantería Fecha de adquisición Total de préstamos Signatura topográfica completa Código de barras Visto por última vez Precio de reemplazo Tipo de ítem Koha
        Libros del s. XIX Biblioteca del Ateneo de Madrid Biblioteca del Ateneo de Madrid Sala Pecera Planta 2 17/01/2008   F-8635(4) 1165439 23/02/2023 23/02/2023 Libro impreso antiguo